书目信息 |
| 题名: |
粮饲兼用玉米与饲料加工技术
|
|
| 作者: | 张维强 , 唐秀芝 编著 | |
| 分册: | ||
| 出版信息: | 北京 科学出版社出版社 1998 |
|
| 页数: | 140 | |
| 开本: | 20cm | |
| 丛书名: | 金穗丛书 | |
| 单 册: | ||
| 中图分类: | S513.03 | |
| 科图分类: | ||
| 主题词: | 禾谷类作物 | |
| 电子资源: | ||
| ISBN: | 7-03-006475-5 | |
| 000 | 00688nam0 2200217 450 | |
| 001 | 0754114953 | |
| 005 | 20070929150154.95 | |
| 010 | @a7-03-006475-5 | |
| 100 | @a20070929d km y0chiy0120 ea | |
| 101 | 0 | @achi |
| 200 | 1 | @a粮饲兼用玉米与饲料加工技术@Aliang si jian yong yu mi yu si liao jia gong ji shu@f唐秀芝,张维强 编著@Ftang xiu zhi,zhang wei qiang bian zhu |
| 210 | @a北京@c科学出版社出版社@d1998 | |
| 215 | @a140@c插图@d20cm | |
| 225 | 2 | @a金穗丛书 |
| 410 | 0 | @12001 @a金穗丛书 |
| 606 | 0 | @a禾谷类作物 |
| 690 | @aS513.03@v3 | |
| 701 | 0 | @a张维强@Azhang wei qiang@4编著 |
| 701 | 0 | @a唐秀芝@Atang xiu zhi@4编著 |
| 801 | 0 | @aCN@bPFT@c20070929 |
| 905 | @a213230@dS513.03@eh13@f1 | |
| 粮饲兼用玉米与饲料加工技术/唐秀芝,张维强 编著.-北京:科学出版社出版社,1998 |
| 140:插图;20cm.-(金穗丛书) |
| ISBN 7-03-006475-5: |
| ● |
| 相关链接 |
|
|
|
|
正题名:粮饲兼用玉米与饲料加工技术
索取号:S513.03/h13
 
预约/预借
| 序号 | 登录号 | 条形码 | 馆藏地/架位号 | 状态 | 备注 |
| 1 | 6001208 | 260012088 | 密集书库-化学系/ [索取号:S513.03/h13] | 在馆 |